| 000 | 00483nam a2200193Ia 4500 | ||
|---|---|---|---|
| 003 | BUBTL | ||
| 008 | 151213s9999 xx 000 0 und d | ||
| 082 | _a677MUE | ||
| 100 | _aW.S.Murphy | ||
| 245 | _aElements Of Fibre Science | ||
| 260 |
_aIndia _bAbhishek Publications _cc2003 |
||
| 300 |
_a[x],135p. _bills. _c24cm. |
||
| 650 | _aTextiles | ||
| 650 | _aTextiles | ||
| 700 | _aW.S.Murphy | ||
| 856 |
_k0 _l0 _yDownload |
||
| 942 |
_2ddc _cBK |
||
| 999 |
_c3948 _d3948 |
||